01652nam a2200277Ia 4500952011900000952010500119999001700224005001700241008004100258020001800299050002400317100003800341245008900379250001800468260005000486300001800536500009600554500007700650504003400727505031800761519009801079519009501177650004101272650005401313942000701367 00102ddc4070a22b22d2010-08-13l3oHJ5715.M4 S35 2010p17 000270r2023-07-28s2014-09-19t1w2012-06-26yLBf 00102lcc4070a20b20d2018-06-07l0oHJ5715.M4 S35 2010p20 001255r2018-06-07t1w2018-06-07yLB c73163d7316320231102151113.0120626s2010 mx 000 0 spa d a9683687265313 aHJ5715.M4bS35 2010 aSánchez Miranda, Arnulfodautor aAplicación práctica del impuesto al valor agregadoc / Arnulfo Sánchez Miranda a5a. edición aMéxicob : Ediciones Fiscales ISEFc , 2010 a222 páginas aEn portada: Con casos prácticos para la fácil comprensión de este importante impuesto aIncluye: Datos del autor Dedicatoria Índice de contenido Abreviaturas  aBibliografía (página 223) aEstructura general y características de la LIVA para su estricta apliación Los elementos de la relación tributaria del IVA Calculo mensual del impuesto IVA por enajenación de bienes IVA por la prestación de servicios Panorama general del comercio exterior Temas especiales Obligaciones en materia de IVA aPlan Flexible / bContaduría / cEstudio Contable de los Impuestos (P16-3) / d(17 000270)  aPlan Flexible / bContaduría / cEstudio contable de los impuestos (P19) / d(20 001255) 0aIMPUESTO AL VALOR AGREGADOxMANUALES 0aIMPUESTO AL VALOR AGREGADOxLEYES - LEGISLACIÓN cLB